000 01549nam a22002297a 4500
005 20250805123243.0
010 _aB-774453-481 25BACHN25
020 _c350.00
_a9788198055354
035 _aB-774453-481
037 _bपैन्सी बुक्स
082 _22
_a000
245 _aयू.पी.पी.एस.सी(UPPSC )मुख्य परीक्षा सामान्य अध्ययन /
_cएन. एन ओझा द्वारा संपादित
250 _a2
260 _aनोएडा
_bक्रॉनिकल पब्लिकेशन्स
_c2024
270 _aए-26, सेक्टर-2
_bनोएडा
_e201301
_k0120 2440265-66
_l0120 2440268
_mcirculation@chroniclepubs.com
300 _a286पृ.
_c27सेमी (अजिल्द)
500 _aअध्यायावर हल प्रशन-पत्र पेपर I-VI उत्तर प्रदेश लोक सेवा आयोग की सम्मिलत राज्य/प्रवर अधीनस्थ सेवा(पी.सी.एस.) मुख्य परीक्षा
700 _aएन. एन ओझा
_eसंपादक
_978873
942 _2ddc
_cHN
_hUPP
_e1
_m000
999 _c209834
_d209834